Từ cách mạng tháng tám 1945 đến chiến dịch Hồ Chí Minh 1975

Giới thiệu những chủ trương, chính sách của Đảng, tinh thần chiến đấu của nhân dân ta trong cuộc kháng chiến chống Pháp và Mỹ xâm lược, và tập hợp những câu chuyện đặc sắc liên quan đến quá trình hoạt động cách mạng của Chủ tịch Hồ Chi...

Full description

Saved in:
Bibliographic Details
Format: Book
Language:Undetermined
Published: Hà Nội Văn hóa-Thông tin 2015
Subjects:
Tags: Add Tag
No Tags, Be the first to tag this record!
Institutions: Trung tâm Học liệu Trường Đại học Cần Thơ
LEADER 01076nam a2200217Ia 4500
001 CTU_202226
008 210402s9999 xx 000 0 und d
020 |c 50000 
082 |a 959.704 
082 |b T550 
245 0 |a Từ cách mạng tháng tám 1945 đến chiến dịch Hồ Chí Minh 1975 
245 0 |c Lường Thị Lan (Sưu tầm và biên soạn) 
260 |a Hà Nội 
260 |b Văn hóa-Thông tin 
260 |c 2015 
520 |a Giới thiệu những chủ trương, chính sách của Đảng, tinh thần chiến đấu của nhân dân ta trong cuộc kháng chiến chống Pháp và Mỹ xâm lược, và tập hợp những câu chuyện đặc sắc liên quan đến quá trình hoạt động cách mạng của Chủ tịch Hồ Chí Minh trong giai đoạn này 
650 |a Việt nam,Vietnam 
650 |x Lịch sử,History 
650 |y 1945-1975,1945-1975 
904 |i Tuyến 
980 |a Trung tâm Học liệu Trường Đại học Cần Thơ